guía ilustrada de medallas de Costa Rica / (Record no. 1160)

MARC details
000 -LEADER
campo de control de longitud fija 00623nam a22001817a 4500
008 - DATOS DE LONGITUD FIJA--INFORMACIÓN GENERAL
campo de control de longitud fija 170325s2016 cr||||| |||| 00| 0 spa d
020 ## - NÚMERO INTERNACIONAL ESTÁNDAR DEL LIBRO
Número Internacional Estándar del Libro 9789968530316
082 04 - NÚMERO DE LA CLASIFICACIÓN DECIMAL DEWEY
Número de clasificación 737.22
Número de ítem V297g
100 1# - ENTRADA PRINCIPAL--NOMBRE DE PERSONA
Nombre de persona Vargas Zamora, José A.
9 (RLIN) 5758
245 15 - MENCIÓN DEL TÍTULO
Título guía ilustrada de medallas de Costa Rica /
Mención de responsabilidad, etc. José A. Vargas Zamora y Manuel B. Chacón Hidalgo.
250 ## - MENCION DE EDICION
Mención de edición 1a ed.
260 ## - PUBLICACIÓN, DISTRIBUCIÓN, ETC.
Lugar de publicación, distribución, etc. San José, Costa Rica :
Nombre del editor, distribuidor, etc. Fundación Museos del Banco Central,
Fecha de publicación, distribución, etc. 2016.
300 ## - DESCRIPCIÓN FÍSICA
Extensión 224 p.
Otras características físicas il. col.
653 10 - TÉRMINO DE INDIZACIÓN--NO CONTROLADO
Término no controlado Medallas
653 10 - TÉRMINO DE INDIZACIÓN--NO CONTROLADO
Término no controlado Numismática - Costa Rica
653 10 - TÉRMINO DE INDIZACIÓN--NO CONTROLADO
Término no controlado Historia - Costa Rica
700 1# - ENTRADA AGREGADA--NOMBRE PERSONAL
Nombre de persona Chacón Hidalgo, Manuel B.
9 (RLIN) 3722
Holdings
Estatus retirado Estado de pérdida Fuente del sistema de clasificación o colocación Estado de daño No para préstamo Biblioteca de origen Biblioteca actual Ubicación en estantería Fecha de adquisición Total de préstamos Signatura topográfica completa Código de barras Visto por última vez Precio de reemplazo Tipo de ítem Koha
    Clasificación Decimal Dewey     Biblioteca LadoV Biblioteca LadoV   25/03/2017   737.22 V297g 004356 25/03/2017 25/03/2017 Material 01